Parias urbanos: marginalidad en la ciudad a comienzos del milenio
Salvato in:
| Autore principale: | |
|---|---|
| Natura: | Libro |
| Lingua: | spagnolo |
| Pubblicazione: |
Buenos Aires
Manantial
2001
|
| Edizione: | 1a. ed |
| Soggetti: | |
| Tags: |
Aggiungi Tag
Nessun Tag, puoi essere il primo ad aggiungerne!!
|
MARC
| LEADER | 00000cam a2200000 a 4500 | ||
|---|---|---|---|
| 001 | UCM0049 | ||
| 003 | CL-VaPUC | ||
| 008 | 020108e20010000AG |||||||||||||||||spa|d | ||
| 020 | |a 9789875000582 | ||
| 082 | 0 | 4 | |a 307.76 |b WAC |2 21 |
| 100 | 0 | |a Wacquant, Loïc |e author |9 466672 | |
| 245 | 1 | 0 | |a Parias urbanos: marginalidad en la ciudad a comienzos del milenio |
| 250 | |a 1a. ed | ||
| 300 | |a 204 p | ||
| 942 | |c BK | ||
| 945 | |d 20020108 00:00:00 |a cmena | ||
| 260 | |a Buenos Aires |b Manantial |c 2001 | ||
| 650 | 0 | |a Sociología urbana |9 268099 | |
| 650 | 0 | |a Discriminación social |9 323032 | |
| 650 | 0 | |a Marginación social |9 430243 | |
| 650 | 0 | |a Problemas sociales |9 258537 | |
| 583 | |a last modification |c 20130306 12:15:21 |k Rodrigo Vera | ||
| 999 | |c 299114 |d 299112 | ||
| 952 | |0 0 |1 2 |4 0 |6 307_760000000000000_WAC_2001 |7 0 |8 A |9 355280 |a BIBGIM |b BIBGIM |d 2019-11-21 |i 4602005 |o 307.76 WAC 2001 |p 4602005 |r 2019-11-21 |w 2019-11-21 |y BK |k SSL | ||
| 952 | |0 0 |1 0 |4 0 |6 307_760000000000000_WAC_2001 |7 0 |8 A |9 355281 |a BIBGIM |b BIBGIM |d 2019-11-21 |i 4814622 |o 307.76 WAC 2001 |p 4814622 |r 2025-01-15 |w 2019-11-21 |y BK |k SSL | ||